000 00280nam a2200097Ia 4500
001 1113485
005 20250827003950.0
008 250824s9999 xx 000 0 und d
245 0 _aANADOLU EFSANELERİNİN PEŞİNDE •P1 ¨151
_cMAVİSEL YENER
260 _bDOĞAN ÇOCUK YAYINLARI
999 _c1113485
_d1113485